| 000 | 01861nam0a2200337 4500 | ||
|---|---|---|---|
| 001 | RU\NLR\bibl\1672005 | ||
| 005 | 20260405224900.0 | ||
| 010 |
_a978-5-9616-0255-5 _9100 |
||
| 021 |
_aRU _b2010-57638 _93774 |
||
| 035 | _a(NLR Aleph) 001663257 | ||
| 090 |
_a995052 _c995052 |
||
| 100 | _a20100907d2008 |||y0rusy50 ca | ||
| 101 | 0 | _arus | |
| 102 | _aRU | ||
| 105 | _aa ||||||||| | ||
| 200 | 1 |
_aОбщая электротехника и электроника _eучебное пособие _fА.Н. Фролов, В.М. Бурков _gФедер. агентство по образованию, Гос. образоват. учреждение высш. проф. образования Иванов. гос. хим.-технол. ун-т |
|
| 210 |
_aИваново _cГОУ ВПО Ивановский государственный химико-технологический университет _d2008 |
||
| 215 |
_a47, [1] с. _cил. _d21 |
||
| 320 | _aБиблиогр. в конце кн. | ||
| 606 | 1 |
_aЭлектротехника _jУчебные издания для высших учебных заведений _91132267 _3RU\NLR\auth\66130670 |
|
| 606 | 1 |
_aЭлектроника _jУчебные издания для высших учебных заведений _9924294 _3RU\NLR\auth\6620569 |
|
| 686 | _aЗ2я73-1 | ||
| 686 | _aЗ85я73-1 | ||
| 700 | 1 |
_4070 _8rus _7ca _aФролов _bА. Н. _cканд. техн. наук, электротехника _gАлександр Николаевич _3RU\NLR\auth\77102954 _985880 |
|
| 701 | 1 |
_4070 _aБурков _bВ. М. _cканд. техн. наук, электрохимия _gВалерий Михайлович _9171742 _3RU\NLR\AUTH\770171792 |
|
| 801 | 0 |
_aRU _bNLR _c20100907 _gRCR |
|
| 801 | 1 |
_aRU _bNLR _c20100907 |
|
| 942 | _cBOOK | ||
| 980 | _aNB | ||